1098 1953 1258 1205 1940 1829 1223 1567 1255 1264 1335 1360 1292 1334 1992 1541 1647 1847 1556 1986 1201 1445 1700 1825 1602 1627 1430 1326 1274 1867 1185 1357 1901 1738 1255 1951 1537 1882 1409 1192 1795 1948 1806 1948 1934 1347 1221 1952 1908 1577 1413 1619 1924 1187 1207 1343 1199 1227 1564 1085 1988 1616 1136 1330 1256 1207 1435 1619 1327 1691 1186 1536 1324 1390 1938 1384 1909 1134 1567 1089 1372 1491 1123 1165 1917 1986 1891 1487 1285 1103 1353 1147 1487 1306 1745 1877 1693 1924 1477 BCNSPRNW ULIB Ver.6.0+V

เปลี่ยนเป็นภาษาไทย

Change to English
 แสดงรายละเอียดบรรณานุกรม
  กลับหน้าหลัก

Brief Record : Get Marc (ISO 2709) : E-mail record : QR code < ปิดหน้าต่าง
LEADER : 00000nam 2200000uu 4500
001    13399113141
003     ULIB
008    110928s2550||||th 000 0 tha d
020    9789744896766
050 04 QA76.75^bพ553ค 2550
100 0  พันจันทร์ ธนวัฒนเสถียร
245 10 คู่มือช่างคอมพ์ 2008 /^cพันจันทร์ ธนวัฒนเสถียร และอัมรินทร์ เพ็ชรกุล
260    กรุงเทพฯ :^bซัคเซส มีเดีย,^c2550
300    392 หน้า :^bภาพประกอบ +^eซีดีรอม
650  7 คอมพิวเตอร์
650  7 คอมพิวเตอร์^xการบำรุงรักษาและการซ่อมแซม
700 00 อัมรินทร์ เพ็ชรกุล,^eผู้แต่งร่วม
945    ^p199^l0^i022896
995    ทศพร
999 ^a ทศพร
รายการนี้ยังไม่มีแท็ก
คุณยังไม่ได้ล็อกอิน คุณสามารถมีกิจกรรมร่วมกับเว็บไซต์ได้ แต่ต้องล็อกอินก่อน ::
  ล็อกอิน

รายการสื่อสารสนเทศ

ลำดับที่ ประเภท เลขเรียก/บาร์โค้ด สถานที่ สถานะ
- ไม่พบข้อมูล -

รายการใกล้เคียง
    ผู้แต่ง [พันจันทร์ ธนวัฒนเสถียร]

    หัวเรื่อง [คอมพิวเตอร์]
    หัวเรื่อง [คอมพิวเตอร์ การบำรุงรักษาและการซ่อมแซม]

BibComment


ยังไม่เคยถูกคอมเมนท์

คอมเมนท์ทรัพยากรรายการนี้
  คอมเมนท์: คู่มือช่างคอมพ์ 2..


 Copyright 2026. Bcnsprnw @Library